01109nam a22001697a 4500003000900000005001700009008004100026040001300067110009200080245018100172260004800353300004000401500027600441650005000717651004700767856012500814BR-ViAPE20260511113013.0260511s1923 por gss|||f001 0 por d cBR-ViAPE aMinistério da Agricultura, Indústria e ComérciobDiretoria Geral de Estatística aRecenseamento do Brasil, realizado em 1 de setembro de 1920: brelação dos proprietários dos estabelecimentos rurais recenseados no Estado do Espírito Santo - Benevente aRio de JaneirobTyp. de Estatísticac1923 a11 p.bDocumento digitalizado (PDF) aDocumento integrante do Recenseamento do Brasil de 1920, contendo levantamento estatístico e nominal de estabelecimentos rurais do município de Benevente (ES).aDocumento digitalizado do acervo institucional do Arquivo Público do Estado do Espírito Santo - APEES. aPropriedade ruralxHistóriazBenevente (ES) aItaguaçu (ES)zEspírito Santo (Brasil) uhttps://ape.es.gov.br/Media/ape/PDF/Recenseamento/Recenseamento_1920_Benevente.pdfyCLIQUE AQUI PARA ACESSAR O DOCUMENTO